000 00409nam a2200157Ia 4500
005 20250122021447.0
008 240331s9999 xx 000 0 und d
020 _a9559518518
082 _bRAJ
_a920
100 _aRajah, S.J
245 2 _aA life-sketch of Tambimuttu Pillay
260 _aColombo
_bP. Tambimuttu
_c1988
300 _avi, 70 p .,
500 _aA Story of Mr.S. Tambimuttu Pillay
942 _cL
999 _c3417
_d3417